00853nam a22002297a 450000500170000001000130001702000220003003500130005203700160006504000120008108200160009310000220010924501190013126000440025027000400029430000270033465000440036165000280040594200250043399900190045895201460047720170124110205.0 aA-286513 c40.00a8185082022 aA-286513 bCen Lib/Ret aDPLbEN a181.45bGOE aGoel, B. S937136 aShrimad Bhagavad Geeta :cby B. S. Goelba psychological commentary for spiritual seekers and psychic sufferers / aKurukshetrabThird Eye Foundationc1986 aHouse No. 33, New ColonybHaryaanaa axxi,136p. : c22cm(Hb) aBhagavadgītā -- Commentaries937137 aBhagavadgītā937138 2ddccENh181.45mGOE c133197d133197 04104070aLbLd2015-07-24eCen Lib/Retg40.00l0o181.45 GOEpA-286513r2015-07-24 00:00:00t1v40.00w2015-07-24yENzW/d list no. 6807/9